Central Library OPAC University of Rajshahi

ভাষা আন্দোলনের স্মৃতি ও কিছু জিজ্ঞাসা / (Record no. 39048)

MARC details
000 -LEADER
fixed length control field 00858nam a2200229 a 4500
001 - CONTROL NUMBER
control field 39048
003 - CONTROL NUMBER IDENTIFIER
rucl marc code BD-RjUL
005 - DATE AND TIME OF LATEST TRANSACTION
control field 20211209052915.0
008 - FIXED-LENGTH DATA ELEMENTS--GENERAL INFORMATION
fixed length control field 160404m19981993BG ||||e |||| 00| 0 ben d
020 ## - INTERNATIONAL STANDARD BOOK NUMBER
International Standard Book Number 9840737503
Terms of availability Tk. 50.00
035 ## - SYSTEM CONTROL NUMBER
System control number (BD-RjUL)39159
040 ## - CATALOGING SOURCE
Original cataloging agency BD-RjUL
Language of cataloging ben
Transcribing agency BD-RjUL
041 ## - LANGUAGE CODE
Language code of text/sound track or separate title ben
082 ## - DEWEY DECIMAL CLASSIFICATION NUMBER
Edition number 23
Classification number 320.014095492
Author mark and year RAB 1998
100 ## - MAIN ENTRY--PERSONAL NAME
Personal name রফিক, আহমদ
9 (RLIN) 120529
245 10 - TITLE STATEMENT
Title ভাষা আন্দোলনের স্মৃতি ও কিছু জিজ্ঞাসা /
Statement of responsibility, etc. আহমদ রফিক
260 ## - PUBLICATION, DISTRIBUTION, ETC. (IMPRINT)
Place of publication, distribution, etc. ঢাকা :
Name of publisher, distributor, etc. বাংলা একাডেমী,
Date of publication, distribution, etc. ১৯৯৮.
300 ## - PHYSICAL DESCRIPTION
Pagination [১০], ৯৭ পৃ. ;
Size ২১ সেমি.
650 ## - SUBJECT ADDED ENTRY--TOPICAL TERM
Topical term or geographic name as entry element ভাষা আন্দোলন
Geographic subdivision বাংলাদেশ
9 (RLIN) 120530
Topical term or geographic name as entry element Language Movement
Geographic subdivision Bangladesh
9 (RLIN) 120531
942 ## - ADDED ENTRY ELEMENTS (KOHA)
Source of classification or shelving scheme Dewey Decimal Classification
Koha item type Books
Holdings
Lost status Source of classification or shelving scheme Damaged status Not for loan Collection code Permanent Location Current Location Shelving location Date acquired Source of acquisition Cost, normal purchase price Total Checkouts Full call number Date last seen Copy number Koha item type Date checked out
  Dewey Decimal Classification   Not For Loan Non-fiction Central Library, University of Rajshahi Central Library, University of Rajshahi Reading Room 23/06/2013 Bangla Academi, Dhaka 50.00   B 320.014095492 RAB 1998 04/04/2016 C-1 Books  
  Dewey Decimal Classification     Non-fiction Central Library, University of Rajshahi Central Library, University of Rajshahi   23/06/2013 Bangla Academi, Dhaka 50.00 2 B 320.014095492 RAB 1998 25/02/2019 C-2 Books 19/02/2019
  Dewey Decimal Classification     Non-fiction Central Library, University of Rajshahi Central Library, University of Rajshahi   23/06/2013 Bangla Academi, Dhaka 50.00   B 320.014095492 RAB 1998 04/04/2016 C-3 Books